[Event "DOM-ch"]
[Site "Santo Domingo"]
[Date "2019.05.03"]
[Round "5"]
[White "Perez, Lewis Omar"]
[Black "Medina Medina, Freddy Alberto"]
[Result "1-0"]
[WhiteElo "1923"]
[BlackElo "1837"]
[PlyCount "109"]
[EventDate "2019.04.26"]
[EventType "swiss"]
[EventRounds "11"]
[EventCountry "DOM"]
[SourceTitle "CBM 190 Extra"]
[Source "ChessBase"]
[SourceDate "2019.07.15"]
[SourceVersion "1"]
[SourceVersionDate "2019.07.15"]
[SourceQuality "1"]

1. g3 e6 2. Bg2 Nf6 3. c4 c5 4. Nf3 Nc6 5. 0-0 d5 6. cxd5 Nxd5 7. Nc3 Nf6 8. d3 Be7 9. Bd2 Qc7 10. Rc1 a6 11. Na4 b6 12. Bf4 Qb7 13. Ne5 Nd5 14. Nxc6 Qxc6 15. d4 Bd7 16. b3 Rc8 17. dxc5 bxc5 18. Be5 0-0 19. Nc3 Rfd8 20. Nxd5 exd5 21. Qxd5 Qxd5 22. Bxd5 Bh3 23. Rfd1 Rd7 24. Bc4 Ra7 25. Rc2 a5 26. Rcd2 a4 27. f3 axb3 28. axb3 h5 29. Kf2 Rc6 30. Rd8+ Bxd8 31. Rxd8+ Kh7 32. Bd3+ f5 33. g4 hxg4 34. Bxf5+ Kh6 35. Bf4+ Kh5 36. Be4 Rf6 37. Rd5+ g5 38. Rxg5+ Kh4 39. Bg6 gxf3 40. Kxf3 Rxg6 41. Rxg6 Rh7 42. Rh6+ Rxh6 43. Bxh6 Be6 44. Bf8 Bxb3 45. Bxc5 Bd5+ 46. e4 Be6 47. Kf4 Kh3 48. Bg1 Kh4 49. Ke5 Bh3 50. Kf6 Kg4 51. e5 Kf3 52. e6 Kg2 53. e7 Bd7 54. Kf7 Kxg1 55. h4 1-0

[Event "DOM-ch"]
[Site "Santo Domingo"]
[Date "2019.04.27"]
[Round "3"]
[White "Medina Medina, Freddy Alberto"]
[Black "Montes De Oca Martinez, Jose Eduardo"]
[Result "0-1"]
[WhiteElo "1837"]
[BlackElo "1925"]
[PlyCount "68"]
[EventDate "2019.04.26"]
[EventType "swiss"]
[EventRounds "11"]
[EventCountry "DOM"]
[SourceTitle "CBM 190 Extra"]
[Source "ChessBase"]
[SourceDate "2019.07.15"]
[SourceVersion "1"]
[SourceVersionDate "2019.07.15"]
[SourceQuality "1"]

1. d4 d6 2. Nf3 Nf6 3. Bf4 g6 4. Nbd2 Bg7 5. e3 0-0 6. h3 b6 7. Be2 c5 8. c3 Ba6 9. a4 Bxe2 10. Qxe2 Nc6 11. 0-0 Qc7 12. Rfc1 e5 13. dxe5 dxe5 14. Bh2 Qe7 15. e4 Nh5 16. Qc4 Na5 17. Qb5 Nf4 18. Bxf4 exf4 19. Rab1 Nb7 20. Re1 Nd6 21. Qb3 Rad8 22. e5 Nf5 23. Qc4 g5 24. Qe4 Nh4 25. Nxh4 Rxd2 26. Nf5 Qe6 27. h4 h6 28. Nxg7 Kxg7 29. h5 Re8 30. Qf3 Rd5 31. b4 Rxe5 32. Rxe5 Qxe5 33. bxc5 Qxc5 34. Qd3 Rc8 0-1

[Event "DOM-ch U20"]
[Site "Santo Domingo"]
[Date "2018.11.02"]
[Round "2"]
[White "Gomez Brito, Wander"]
[Black "Medina Medina, Freddy Alberto"]
[Result "1/2-1/2"]
[WhiteElo "1564"]
[BlackElo "1837"]
[PlyCount "93"]
[EventDate "2018.11.02"]
[EventType "swiss"]
[EventRounds "8"]
[EventCountry "DOM"]
[SourceTitle "EXT 2021"]
[Source "ChessBase"]
[SourceDate "2020.10.23"]
[SourceVersion "1"]
[SourceVersionDate "2020.10.23"]
[SourceQuality "1"]

1. e4 e6 2. d4 d5 3. exd5 exd5 4. Nf3 Nf6 5. Nc3 Bd6 6. Bd3 0-0 7. 0-0 c6 8. Bg5 Nbd7 9. Ne2 Qc7 10. Ng3 h6 11. Bd2 Re8 12. c3 Nf8 13. Re1 Bg4 14. Qc2 Bxf3 15. gxf3 Ne6 16. a3 Ng5 17. Bxg5 hxg5 18. Rab1 g6 19. Ra1 Kg7 20. Kg2 Rh8 21. Rh1 g4 22. Qd1 Qd7 23. Be2 gxf3+ 24. Bxf3 Qh3+ 25. Kg1 Bxg3 26. hxg3 Qf5 27. Kg2 Rxh1 28. Qxh1 Rh8 29. Qd1 Qh3+ 30. Kg1 Ng4 31. Bg2 Qh2+ 32. Kf1 Qh5 33. Kg1 Qf5 34. Qf3 Qh5 35. Re1 Qg5 36. a4 a5 37. b3 f5 38. Qe2 Rf8 39. Qe7+ Qxe7 40. Rxe7+ Rf7 41. Rxf7+ Kxf7 42. Kf1 Ke6 43. Ke2 b6 44. c4 Nf6 45. Ke3 g5 46. Bf3 Kd6 47. Kd3 1/2-1/2